000 00561nam a22001697a 4500
005 20231107072219.0
008 231107b |||||||| |||| 00| 0 eng d
020 _a0409060593
041 _aEnglish
082 _a346.43
100 _aVan Rensburg, ADJ and Treisman, SH
_lEnglish
245 _aThe Practitioner's Guide to the Alienation of Land Act /
_cADJ Van Rensburg and SH Treisman
260 _aDurban :
_bButterworths,
_c1982
300 _bxix, 332 pages ;
_c22 cm.
650 _aLegal practice
_bLaw
942 _cBK
_6ALISON_BN_VRIES
999 _c345
_d345